La privatización de SOMISA y su impacto en la producción y el empleo en San Nicolás (Registro nro. 29408)

Detalles MARC
000 -LEADER
fixed length control field 00442 a2200121 4500
001 - CONTROL NUMBER
control field ART_26505
005 - DATE AND TIME OF LATEST TRANSACTION
control field 20260410161940.0
008 - FIXED-LENGTH DATA ELEMENTS--GENERAL INFORMATION
fixed length control field 260409a
100 1# - MAIN ENTRY--PERSONAL NAME
Personal name Rofman, Alejandro B.
245 10 - TITLE STATEMENT
Title La privatización de SOMISA y su impacto en la producción y el empleo en San Nicolás
700 1# - ADDED ENTRY--PERSONAL NAME
Personal name Peñalva, Susana
773 0# - HOST ITEM ENTRY
Title Ciclos en la historia, la economía y la sociedad
Related parts - Vol. V, Nº 8 (ene./jun. 1995)
Record control number REV26321

No hay ítems disponibles.